00525nam a22001457a 4500008004100000020001800041050002500059110003600084245008100120250001300201260004500214300003700259650005600296650002700352170201b xxu||||| |||| 00| 0 eng d a9781618655806 aLB 2353.57 .S28 2014 aKaplan Test Prep and Admissions aSAT premier 2015 :bwith 8 practice tests/cKaplan Test Prep and Admissions. a2015 ed. aNew York :bKaplan Publishing, c©2014. axv, 775 p. : ill. ; 28 cm.+ 1CD. aUniversities and colleges -- Entrance examinations. aSAT (Educational test)